000 006230000a22001810004500
090 _aAR
_b03055
245 1 0 _aGlandular pouches of the genital chamber of female Schistocerca gregaria (<Forskal>) (<Orthoptera: Acrididae>)
650 1 4 _aInsectos
_992622
650 1 4 _aEntomología
_94483
650 1 4 _aAnatomía animal
_993635
650 1 4 _aFisiología animal
_99500
650 1 4 _aMadurez sexual
_996649
653 _gSchistocerca
_eSchistocerca gregaria
041 0 _aInglés
100 1 _aStrong, L.
_996650
942 _cARTICULO
773 1 _tInternational Journal Insect Morphol. Embryol.
_31373
_h5-6
_q377-385
_d1981
_g10
999 _c12112
_d12112